30 najmniejszych państw na świecie - Statystyki

Ogólne statystyki
  • Ten quiz został rozwiązany 3 231 razy
  • Średni wynik to 16 z 30
Statystyki odpowiedzi
Lp. Nazwa państwa Powierzchnia (w km²) Kontynent % Poprawnych
1. Watykan 0,44 Europa
98%
2. Monako 2 Europa
88%
5. San Marino 61 Europa
87%
6. Liechtenstein 160 Europa
81%
17. Andora 468 Europa
79%
28. Luksemburg 2586 Europa
75%
10. Malta 316 Europa
68%
3. Nauru 21 Australia i Oceania
56%
4. Tuvalu 26 Australia i Oceania
54%
7. Wyspy Marshalla 181 Australia i Oceania
53%
16. Palau 459 Australia i Oceania
50%
23. Dominika 751 Ameryka Północna
49%
15. Seszele 455 Afryka
48%
20. Singapur 693 Azja
48%
21. Mikronezja 702 Australia i Oceania
47%
13. Barbados 430 Ameryka Północna
46%
18. Saint Lucia 620 Ameryka Północna
46%
9. Malediwy 298 Azja
45%
29. Samoa 2831 Australia i Oceania
44%
22. Tonga 747 Australia i Oceania
44%
14. Antigua i Barbuda 442 Ameryka Północna
43%
24. Kiribati 811 Australia i Oceania
43%
12. Saint Vincent i Grenadyny 389 Ameryka Północna
42%
11. Grenada 344 Ameryka Północna
41%
19. Bahrajn 620 Azja
40%
27. Komory 2235 Afryka
40%
30. Republika Zielonego Przylądka 4033 Afryka
39%
25. Wyspy Świętego Tomasza i Książęca 1001 Afryka
39%
26. Mauritius 2040 Afryka
38%
8. Saint Kitts i Nevis 261 Ameryka Północna
26%
Nie znaleziono quizów pasujących do podanych kryteriów
Rozkład punktacji
Procent ludzi z każdym wynikiem
Percentyl według liczby udzielonych odpowiedzi
Twoja historia wyników
Nie rozwiązałeś tego quizu